|
|
|
|
| LEADER |
00749nab a2200205 i 4500 |
| 001 |
acta8915 |
| 005 |
20240506155152.0 |
| 008 |
161015s2006 hu o 000 hun d |
| 022 |
|
|
|a 1586-0116
|
| 040 |
|
|
|a SZTE Egyetemi Kiadványok Repozitórium
|b hun
|
| 041 |
|
|
|a hun
|
| 100 |
3 |
|
|a Reficul
|
| 245 |
1 |
0 |
|a Nézzetek körbe ; Élet ; Tudom, hogy félsz ; Nem a napos oldal
|h [elektronikus dokumentum] :
|b [dalszövegek] /
|c Reficul
|
| 260 |
|
|
|a JABE a Hallgatókért Kiadói Alapítvány
|b Szeged
|c 2006
|
| 300 |
|
|
|a 277-279
|
| 490 |
0 |
|
|a Fosszília
|
| 650 |
|
4 |
|a Bölcsészettudományok
|
| 650 |
|
4 |
|a Nyelvek és irodalom
|
| 695 |
|
|
|a Szépirodalom - dalszöveg
|
| 856 |
4 |
0 |
|u http://acta.bibl.u-szeged.hu/8915/1/fosszilia_2006_4_277-279.pdf
|z Dokumentum-elérés
|